Inside Real Estate : buy, sell and profit in any property market

Bibliographic Details
Main Author: O'Malley, Peter (Author)
Format: Book
Language:English
Published: Australia : Wiley 2017
Subjects:

MARC

LEADER 00000cam a2200000 7i4500
001 0000030113
005 20220923.0
008 220922 at eng
020 |a 9780730345008 
040 |a INS   |b eng   |e rda 
090 0 0 |a HD1379   |b O43 2017 
100 1 |a O'Malley, Peter ,   |e author 
245 1 0 |a Inside Real Estate :   |b buy, sell and profit in any property market   |c Peter O'Malley 
264 1 |a Australia :   |b Wiley   |c 2017 
300 |a xvii, 242pages ;   |c 22 cm. 
336 |a text  |2 rdacontent 
337 |a unmediated  |2 rdamedia 
338 |a volume  |2 rdacarrier 
500 |a Includes index 
650 0 |a Home ownership 
650 0 |a House buying 
650 0 |a House selling 
650 0 |a Real estate business 
650 0 |a Vendors and purchasers 
999 |a 1000004538   |b BOOK   |c Open Shelf   |e Default branch